000 00581nam a2200229Ia 4500
003 OSt
005 20221007073659.0
006 a|||||r|||| 00| 0
007 ta
008 221006b |||||||| |||| 00| 0 eng d
024 _a19,847
037 _cTextual
040 _aFLL
_cFLL
_beng
041 _2eng
_aeng
082 _aZ2,94, P6
100 _aSarathi V.P Au.
245 0 _aLaw of evidence
260 _aLucknow
_bEastern book company India
_c2006
300 _a395p
_ccm.
942 _hZ2,94, P6
_cTEXL
_2CC
999 _c1149520
_d1149520